[Event "4NCL Online Division 6"]
[Site "online"]
[Date "2020.08.25"]
[Round "1.111"]
[White "Shen, Alex"]
[Black "Pert, Max"]
[Result "1-0"]
[WhiteElo "1630"]
[BlackElo "1787"]
[PlyCount "67"]
[EventDate "2020.08.25"]
[WhiteTeam "MCS Oxford B"]
[BlackTeam "Brentwood B"]

1. e4 c6 2. d4 d5 3. e5 c5 4. dxc5 Nc6 5. Bb5 e6 6. Be3 Bd7 7. Nf3 Nge7 8. Bxc6
Nxc6 9. c3 Qc7 10. O-O Nxe5 11. Nxe5 Qxe5 12. Re1 Qc7 13. Qd4 Rc8 14. b4 f6 15.
Nd2 Be7 16. Nf3 O-O 17. Bf4 Qc6 18. c4 dxc4 19. Qxc4 Kh8 20. Nd4 Qa4 21. Nxe6
Bxe6 22. Rxe6 Bxc5 23. Qe4 Bb6 24. a3 Qb3 25. Rc1 Qb2 26. Rf1 Rfd8 27. Re7 Qxa3
28. Qxb7 Rg8 29. Rxg7 Rxg7 30. Qxc8+ Rg8 31. Qc4 Qf3 32. Qxg8+ Kxg8 33. gxf3
Kf7 34. Be3 1-0

[Event "4NCL Online Division 6"]
[Site "online"]
[Date "2020.08.25"]
[Round "1.112"]
[White "Willoughby, Christopher"]
[Black "Turner, Ben"]
[Result "1-0"]
[WhiteElo "1742"]
[BlackElo "1487"]
[PlyCount "116"]
[EventDate "2020.08.25"]
[WhiteTeam "Brentwood B"]
[BlackTeam "MCS Oxford B"]

1. e4 c5 2. Nf3 d6 3. d4 cxd4 4. Nxd4 Nc6 5. Be3 Nxd4 6. Qxd4 Nf6 7. Bb5+ Bd7
8. Bxd7+ Qxd7 9. O-O g6 10. c4 Bg7 11. Nc3 O-O 12. Rad1 Ng4 13. Qd2 Nxe3 14.
Qxe3 Qc6 15. b3 Qa6 16. a4 Qa5 17. Ne2 b6 18. Nd4 Qc5 19. Nc2 Qxe3 20. Nxe3
Rac8 21. Nd5 Rfe8 22. Rfe1 e6 23. Nf4 Be5 24. Nd3 Bc3 25. Re2 Red8 26. Rc2 Bg7
27. Ne1 Rc5 28. Rcd2 Bc3 29. Rd3 Bxe1 30. Rxe1 d5 31. Red1 Kf8 32. f3 Ke7 33.
Kf2 d4 34. Rxd4 Rxd4 35. Rxd4 Rh5 36. h3 Rc5 37. Ke3 f5 38. exf5 exf5 39. Rd5
Rc6 40. Kd4 Re6 41. Re5 Rxe5 42. Kxe5 h6 43. f4 a6 44. b4 Kf7 45. c5 bxc5 46.
bxc5 Ke7 47. c6 Kd8 48. Kf6 Kc7 49. Kxg6 Kxc6 50. Kxf5 Kc5 51. Kg6 Kb4 52. f5
Kxa4 53. f6 Kb4 54. f7 a5 55. f8=Q+ Kb3 56. Qxh6 a4 57. Qc1 a3 58. Qxa3+ Kxa3
1-0

[Event "4NCL Online Division 6"]
[Site "online"]
[Date "2020.08.25"]
[Round "1.113"]
[White "Li, Reya"]
[Black "Molostvov, Dmitry M"]
[Result "0-1"]
[WhiteElo "1510"]
[BlackElo "1712"]
[PlyCount "68"]
[EventDate "2020.08.25"]
[WhiteTeam "MCS Oxford B"]
[BlackTeam "Brentwood B"]

1. e4 c5 2. Nf3 Nc6 3. c3 d5 4. e5 e6 5. d4 f6 6. Bb5 Bd7 7. Ba4 fxe5 8. dxe5
Nge7 9. Bc2 Qc7 10. Be3 Nxe5 11. Nxe5 Qxe5 12. O-O Ng6 13. Re1 Qc7 14. Qg4
O-O-O 15. Nd2 Bd6 16. g3 e5 17. Qe2 e4 18. Rac1 h5 19. h4 Bg4 20. Qf1 Kb8 21.
b4 Rdf8 22. Qg2 Ne5 23. bxc5 Bxc5 24. Bxc5 Qxc5 25. c4 Nf3+ 26. Nxf3 exf3 27.
Qf1 g5 28. Re5 gxh4 29. Rxd5 Qe7 30. Re1 Qf6 31. gxh4 Qxh4 32. Ree5 Bh3 33. Qe1
Qg4+ 34. Kh1 Qg2# 0-1

[Event "4NCL Online Division 6"]
[Site "online"]
[Date "2020.08.25"]
[Round "1.114"]
[White "Willoughby, Andrew P"]
[Black "Turner, Jamie"]
[Result "1-0"]
[WhiteElo "1742"]
[BlackElo "1525"]
[PlyCount "131"]
[EventDate "2020.08.25"]
[WhiteTeam "Brentwood B"]
[BlackTeam "MCS Oxford B"]

1. e4 c5 2. Nf3 d6 3. d4 cxd4 4. Nxd4 Nf6 5. Nc3 Bg4 6. Be2 Bxe2 7. Qxe2 e5 8.
Nf3 Nc6 9. Bg5 h6 10. Bh4 Be7 11. O-O-O Qc7 12. a3 Rb8 13. Nb5 Qb6 14. Bxf6
Bxf6 15. Nxd6+ Ke7 16. Nf5+ Kf8 17. Nd2 Rc8 18. Nc4 Qc5 19. Rd5 Bg5+ 20. Kb1
Qxd5 21. exd5 Nd4 22. Qxe5 Nxf5 23. Qxf5 Rxc4 24. d6 g6 25. Qe5 Rg8 26. d7 Rc6
27. Rd1 Bf6 28. d8=Q+ Kg7 29. Qxg8+ Kxg8 30. Qe8+ Kg7 31. Rd7 h5 32. Rxf7+ Kh6
33. Qxc6 bxc6 34. Rxf6 Kg5 35. Rxc6 Kf5 36. Ra6 g5 37. Rxa7 Kf4 38. Rf7+ Ke4
39. a4 Kd4 40. b4 Kc4 41. Rf5 Kxb4 42. Rxg5 Kxa4 43. Rxh5 Kb4 44. Rh3 Kc5 45.
Rh4 Kd5 46. Kb2 Ke5 47. Kc3 Kd5 48. Ra4 Ke5 49. Kd3 Kf5 50. Ke3 Kg5 51. Kf3 Kh5
52. Kg3 Kh6 53. Ra5 Kg6 54. Kf4 Kf6 55. Ra6+ Kf7 56. Ke5 Kg7 57. Kf5 Kh7 58.
Kg5 Kg8 59. Ra7 Kf8 60. Kf6 Ke8 61. Rh7 Kd8 62. Ke6 Kc8 63. Kd6 Kb8 64. Kc6 Ka8
65. Kb6 Kb8 66. Rh8# 1-0

[Event "4NCL Online Division 6"]
[Site "online"]
[Date "2020.08.25"]
[Round "1.121"]
[White "McKeown, Paul"]
[Black "Renshaw, Ian"]
[Result "1-0"]
[WhiteElo "2093"]
[BlackElo "1525"]
[PlyCount "73"]
[EventDate "2020.08.25"]
[WhiteTeam "Cavan Crusaders"]
[BlackTeam "Cornish Wreckers"]

1. e4 e5 2. f4 Bc5 3. Nf3 d6 4. Nc3 a6 5. Bc4 Nf6 6. d3 O-O 7. f5 b5 8. Bb3 Bb7
9. Bg5 h6 10. Bh4 Nbd7 11. Qd2 Qe8 12. h3 c6 13. g4 d5 14. g5 hxg5 15. Qxg5 Nh7
16. Qg2 Kh8 17. O-O-O Be3+ 18. Kb1 a5 19. exd5 a4 20. dxc6 Bxc6 21. Bd5 Qc8 22.
Rhg1 Bh6 23. Ng5 Bxd5 24. Qxd5 f6 25. Nf7+ Rxf7 26. Qxf7 b4 27. Ne4 b3 28. cxb3
axb3 29. Qxb3 Rb8 30. Nd6 Rxb3 31. Nxc8 Rb7 32. Nd6 Nc5 33. Nxb7 Nxb7 34. b4
Ng5 35. Bxg5 Bxg5 36. Rxg5 fxg5 37. a4 1-0

[Event "4NCL Online Division 6"]
[Site "online"]
[Date "2020.08.25"]
[Round "1.122"]
[White "Doubleday, Peter"]
[Black "Casinelli, Davide"]
[Result "0-1"]
[WhiteElo "1412"]
[BlackElo "1600"]
[PlyCount "66"]
[EventDate "2020.08.25"]
[WhiteTeam "Cornish Wreckers"]
[BlackTeam "Cavan Crusaders"]

1. e4 c5 2. d4 cxd4 3. c3 dxc3 4. Nxc3 Nc6 5. Nf3 e6 6. Bc4 a6 7. O-O Qc7 8.
Bb3 Nf6 9. Qe2 Ng4 10. Be3 Nxe3 11. Qxe3 Bd6 12. g3 O-O 13. Rac1 Qb8 14. Rfd1
Bc7 15. a3 Na5 16. Ba2 b5 17. b4 Nc6 18. Qd3 Rd8 19. Bb1 g6 20. Rd2 Bb7 21. Nd1
d5 22. exd5 Rxd5 23. Qc2 Rxd2 24. Nxd2 Be5 25. Nb3 Nd4 26. Nxd4 Bxd4 27. Qc7
Qxc7 28. Rxc7 Bf3 29. Rd7 e5 30. Bc2 Rc8 31. Bb3 Rc1 32. Bxf7+ Kf8 33. Bb3 Bxd1
0-1

[Event "4NCL Online Division 6"]
[Site "online"]
[Date "2020.08.25"]
[Round "1.123"]
[White "Nugent, Brian"]
[Black "Spargo, Philip J"]
[Result "1/2-1/2"]
[WhiteElo "1650"]
[BlackElo "1420"]
[PlyCount "82"]
[EventDate "2020.08.25"]
[WhiteTeam "Cavan Crusaders"]
[BlackTeam "Cornish Wreckers"]

1. e4 e5 2. Bc4 Nf6 3. d3 Be7 4. Nc3 d6 5. Nge2 O-O 6. O-O c5 7. Kh1 Bd7 8. Bg5
Ne8 9. Bxe7 Qxe7 10. f4 exf4 11. Nxf4 Nf6 12. Nh5 Nxh5 13. Qxh5 Be6 14. Nd5
Bxd5 15. Bxd5 Na6 16. Bxf7+ Rxf7 17. Rxf7 Qxf7 18. Qxf7+ Kxf7 19. Rf1+ Kg8 20.
Rf5 Rf8 21. g4 g6 22. Rd5 Rf6 23. e5 dxe5 24. Rxe5 b6 25. a3 Nc7 26. Kg2 Re6
27. Rxe6 Nxe6 28. Kg3 g5 29. Kf2 Kf7 30. Ke3 Kf6 31. Ke4 Nc7 32. c3 Ke6 33. d4
cxd4 34. Kxd4 Nd5 35. b4 Kd6 36. c4 Nf6 37. h3 Nd7 38. Ke4 Ke6 39. Kd4 Kd6 40.
Ke4 Ke6 41. Kd4 Kd6 1/2-1/2

[Event "4NCL Online Division 6"]
[Site "online"]
[Date "2020.08.25"]
[Round "1.124"]
[White "Brown, Hugh"]
[Black "Ferguson, John M"]
[Result "0-1"]
[WhiteElo "1345"]
[BlackElo "1553"]
[PlyCount "66"]
[EventDate "2020.08.25"]
[WhiteTeam "Cornish Wreckers"]
[BlackTeam "Cavan Crusaders"]

1. Nf3 d5 2. g3 Nf6 3. Bg2 c5 4. d4 cxd4 5. Nxd4 Bg4 6. f3 Bh5 7. Nd2 e5 8.
N4b3 Nc6 9. g4 Bg6 10. h4 Nb4 11. e4 dxe4 12. Nxe4 Qxd1+ 13. Kxd1 Bxe4 14. fxe4
Nxg4 15. Kd2 Rd8+ 16. Kc3 Be7 17. a3 Rc8+ 18. Kd2 Rxc2+ 19. Ke1 Rxg2 20. axb4
Bxb4+ 21. Bd2 Bxd2+ 22. Nxd2 a6 23. Rc1 O-O 24. Rc7 Rb8 25. h5 Rh2 26. Rf1 Nf6
27. Nc4 Rxh5 28. Nd6 Rh3 29. Rxb7 Rxb7 30. Nxb7 Nxe4 31. Nd8 f6 32. Rg1 Re3+
33. Kf1 Rd3 0-1

[Event "4NCL Online Division 6"]
[Site "online"]
[Date "2020.08.25"]
[Round "1.131"]
[White "Young, Andy"]
[Black "Gardner, Phillip K"]
[Result "1/2-1/2"]
[WhiteElo "1472"]
[BlackElo "1862"]
[PlyCount "62"]
[EventDate "2020.08.25"]
[WhiteTeam "Lerryn Clowns"]
[BlackTeam "Deaf England"]

1. e4 c5 2. f4 d5 3. exd5 Nf6 4. Bc4 a6 5. a3 b5 6. Ba2 Bb7 7. Nc3 c4 8. d3
Nxd5 9. Nxd5 Bxd5 10. Nf3 Nc6 11. O-O Qb6+ 12. d4 e6 13. c3 Bd6 14. Ne5 Bxe5
15. fxe5 Nxe5 16. Qh5 Ng6 17. Bb1 O-O 18. Rf4 f5 19. Rf2 Rae8 20. Be3 Qb7 21.
Bc2 Be4 22. Bd1 Qd5 23. Bf3 f4 24. Qxd5 exd5 25. Bd2 Nh4 26. Re1 Nxf3+ 27. gxf3
Bd3 28. Rxe8 Rxe8 29. Bxf4 Re6 30. Be5 Rg6+ 31. Rg2 Rxg2+ 1/2-1/2

[Event "4NCL Online Division 6"]
[Site "online"]
[Date "2020.08.25"]
[Round "1.132"]
[White "MacLeod, Alasdair"]
[Black "Knight, Steven"]
[Result "1-0"]
[WhiteElo "1832"]
[BlackElo "1495"]
[PlyCount "131"]
[EventDate "2020.08.25"]
[WhiteTeam "Deaf England"]
[BlackTeam "Lerryn Clowns"]

1. e4 e5 2. Nf3 Nc6 3. Bc4 h6 4. O-O Nf6 5. Re1 a6 6. a4 Bc5 7. c3 d6 8. d4
exd4 9. cxd4 Ba7 10. h3 O-O 11. Nc3 Re8 12. a5 b5 13. axb6 Bxb6 14. Qb3 Qe7 15.
Nd5 Nxd5 16. Bxd5 Bb7 17. Qc4 Qd7 18. Bd2 a5 19. Rac1 Nd8 20. Bxb7 Nxb7 21. Bc3
Nd8 22. Qd3 Ne6 23. g3 c5 24. d5 Nc7 25. Kg2 Nb5 26. Bd2 a4 27. Ra1 Rec8 28.
Rec1 Nc7 29. Rc4 Ne8 30. Qc2 Rc7 31. Rcxa4 Rxa4 32. Qxa4 Qxa4 33. Rxa4 Ra7 34.
Rxa7 Bxa7 35. Bc3 Nc7 36. Ba5 Nb5 37. Kf1 f6 38. Ke2 Kf7 39. Kd3 g6 40. Kc4 Nd4
41. Nxd4 cxd4 42. f4 g5 43. f5 Ke7 44. Be1 h5 45. g4 h4 46. Kd3 Bc5 47. Bf2 Kd7
48. Bxd4 Bxd4 49. Kxd4 Kc7 50. Kc4 Kb6 51. b4 Ka6 52. Kb3 Kb5 53. Ka3 Kb6 54.
Ka4 Ka6 55. b5+ Kb6 56. Kb4 Kb7 57. Ka5 Ka7 58. b6+ Kb7 59. Kb5 Kb8 60. Kc6 Kc8
61. Kxd6 Kb7 62. Ke6 Kxb6 63. Kxf6 Kc7 64. e5 Kd7 65. Kxg5 Ke7 66. Kxh4 1-0

[Event "4NCL Online Division 6"]
[Site "online"]
[Date "2020.08.25"]
[Round "1.133"]
[White "Jenkins, Simon"]
[Black "David, Barry A H"]
[Result "1-0"]
[WhiteElo "1472"]
[BlackElo "1667"]
[PlyCount "77"]
[EventDate "2020.08.25"]
[WhiteTeam "Lerryn Clowns"]
[BlackTeam "Deaf England"]

1. f4 d5 2. Nf3 Nf6 3. e3 c5 4. Bb5+ Nc6 5. Bxc6+ bxc6 6. O-O Bf5 7. d3 e6 8.
b3 Be7 9. Bb2 O-O 10. Ne5 Qc7 11. g4 Bg6 12. g5 Nd7 13. Nd2 f6 14. Nxg6 hxg6
15. Qg4 f5 16. Qh4 e5 17. Rae1 Kf7 18. Nf3 Rh8 19. Qg3 Bd6 20. fxe5 Nxe5 21.
Nxe5+ Ke6 22. d4 Rh5 23. Re2 Rah8 24. Rg2 Rh3 25. Qf2 a5 26. Nxg6 Bxh2+ 27.
Rxh2 Rxh2 28. Qxf5+ Kd6 29. Qe5+ Kd7 30. Qxc7+ Kxc7 31. Nxh8 Rxh8 32. dxc5 Rh5
33. Rf7+ Kd8 34. Rxg7 Rh3 35. Bd4 Ke8 36. Kg2 Rh4 37. Kg3 Rh1 38. Ra7 Rc1 39.
c3 1-0

[Event "4NCL Online Division 6"]
[Site "online"]
[Date "2020.08.25"]
[Round "1.134"]
[White "Hunter, Gary"]
[Black "Reid, Mark"]
[Result "0-1"]
[WhiteElo "1547"]
[BlackElo "1360"]
[PlyCount "60"]
[EventDate "2020.08.25"]
[WhiteTeam "Deaf England"]
[BlackTeam "Lerryn Clowns"]

1. d4 d5 2. Nf3 Nf6 3. Bf4 e6 4. e3 c5 5. Nc3 a6 6. Ne5 Nbd7 7. Be2 cxd4 8.
exd4 Be7 9. Qd3 O-O 10. g4 Bb4 11. f3 Qa5 12. Bd2 Nb6 13. a3 Bd7 14. h4 Rac8
15. Nxd7 Nbxd7 16. Kf2 Bxc3 17. bxc3 Qc7 18. f4 Ne4+ 19. Kg2 Nxd2 20. Qxd2 Qxc3
21. Qxc3 Rxc3 22. Bd3 Nf6 23. Kf3 Ne4 24. Ke3 Rfc8 25. Rhb1 Nd6 26. Kd2 Ne4+
27. Bxe4 dxe4 28. Rxb7 e3+ 29. Ke2 Rxc2+ 30. Kxe3 R8c3+ 0-1

[Event "4NCL Online Division 6"]
[Site "online"]
[Date "2020.08.25"]
[Round "1.141"]
[White "Olulode, Olu"]
[Black "Sugden, Freddie"]
[Result "1-0"]
[WhiteElo "2117"]
[BlackElo "1667"]
[PlyCount "101"]
[EventDate "2020.08.25"]
[WhiteTeam "Enfield 1"]
[BlackTeam "Hackney Hungry"]

1. g3 d6 2. Bg2 Nf6 3. b3 Nbd7 4. Bb2 e5 5. d3 Be7 6. Nd2 O-O 7. c4 c6 8. Ngf3
Qc7 9. O-O Re8 10. Rc1 a5 11. Qc2 c5 12. Nb1 Nb8 13. Nc3 Nc6 14. Nb5 Qd8 15.
Qb1 Bf8 16. Nd2 Be6 17. a4 Rc8 18. Qa1 Nd7 19. e3 f6 20. Rce1 Qe7 21. Kh1 Qf7
22. f4 Qg6 23. e4 f5 24. exf5 Bxf5 25. Ne4 Nd4 26. Nxd4 exd4 27. Bc1 Kh8 28.
Qb2 h6 29. Qf2 Re6 30. h3 h5 31. Ng5 Rxe1 32. Rxe1 Bxd3 33. Qf3 Nf6 34. Qxb7
Re8 35. Bd2 Rxe1+ 36. Bxe1 Qe8 37. Bf2 Qe2 38. Qf7 Qe7 39. Qxe7 Bxe7 40. Bf3 g6
41. g4 Kg7 42. gxh5 gxh5 43. Kg1 Kg6 44. Kg2 Kf5 45. Nf7 Bf8 46. Bg3 Be4 47.
Ng5 Bxf3+ 48. Kxf3 d5 49. Be1 dxc4 50. bxc4 Nd7 51. Bxa5 1-0

[Event "4NCL Online Division 6"]
[Site "online"]
[Date "2020.08.25"]
[Round "1.142"]
[White "Burgoyne, Peter A"]
[Black "Hossain Mohammed, Ashraf"]
[Result "1-0"]
[WhiteElo "1652"]
[BlackElo "1750"]
[PlyCount "61"]
[EventDate "2020.08.25"]
[WhiteTeam "Hackney Hungry"]
[BlackTeam "Enfield 1"]

1. e4 c5 2. Nf3 Nc6 3. d4 cxd4 4. Nxd4 g6 5. Be3 Bg7 6. Nc3 Nf6 7. Be2 O-O 8.
O-O d6 9. h3 Bd7 10. Qd2 Rc8 11. f3 Nh5 12. Nxc6 Bxc6 13. Bh6 Ng3 14. Rfe1
Nxe2+ 15. Rxe2 Bxh6 16. Qxh6 Qb6+ 17. Qe3 Qxb2 18. Rb1 Qa3 19. Kh1 Qc5 20. Qd2
Rc7 21. Nd1 Ba4 22. Ne3 e6 23. Rd1 Bb5 24. Ree1 Rd8 25. Ng4 h5 26. Nf6+ Kg7 27.
e5 Qxc2 28. Qg5 Rh8 29. Ne4 Rd7 30. Qf6+ Kh6 31. Qxh8# 1-0

[Event "4NCL Online Division 6"]
[Site "online"]
[Date "2020.08.25"]
[Round "1.143"]
[White "McNish, David"]
[Black "Harris, Dai"]
[Result "1-0"]
[WhiteElo "1727"]
[BlackElo "1570"]
[PlyCount "63"]
[EventDate "2020.08.25"]
[WhiteTeam "Enfield 1"]
[BlackTeam "Hackney Hungry"]

1. d4 Nf6 2. Nf3 g6 3. Nbd2 d5 4. e3 Bg7 5. c3 Bf5 6. h3 h5 7. Qb3 Qc8 8. Be2
O-O 9. O-O Nbd7 10. c4 c6 11. Re1 e6 12. Nh4 e5 13. Nxf5 gxf5 14. dxe5 Nxe5 15.
cxd5 cxd5 16. Nf3 Re8 17. Bd2 Qd7 18. Bb5 Nc6 19. Bc3 a6 20. Bd3 b5 21. Rac1
Na5 22. Bxa5 Ne4 23. Rc7 Qe6 24. Bxe4 fxe4 25. Nd4 Bxd4 26. exd4 h4 27. Qe3 Kh8
28. Qg5 Rg8 29. Qxh4+ Kg7 30. Bd2 Kf8 31. Bb4+ Kg7 32. Re3 1-0

[Event "4NCL Online Division 6"]
[Site "online"]
[Date "2020.08.25"]
[Round "1.144"]
[White "Neame, Robert"]
[Black "O'Caolaidhe, Cormac"]
[Result "1-0"]
[WhiteElo "1322"]
[BlackElo "1555"]
[PlyCount "89"]
[EventDate "2020.08.25"]
[WhiteTeam "Hackney Hungry"]
[BlackTeam "Enfield 1"]

1. d4 Nf6 2. Nc3 g6 3. Bg5 Bg7 4. e4 d6 5. Qd3 O-O 6. O-O-O Nbd7 7. f4 c6 8. e5
dxe5 9. dxe5 Ng4 10. Qf3 Nh6 11. Bc4 Qc7 12. Bxe7 Nxe5 13. Bd6 Nxf3 14. Bxc7
Nxg1 15. Rhxg1 Nf5 16. Rge1 b5 17. Bb3 a5 18. a3 b4 19. Ne4 bxa3 20. bxa3 a4
21. Ba2 Ra7 22. Be5 Bxe5 23. fxe5 Be6 24. Bxe6 fxe6 25. g4 Nh4 26. Nf6+ Kg7 27.
Rd6 Nf3 28. Re2 c5 29. Rd7+ Rxd7 30. Nxd7 Rf4 31. Nxc5 Nd4 32. Re4 Rf1+ 33. Kd2
Nb5 34. Nxe6+ Kg8 35. Rxa4 Rf2+ 36. Kd3 Rxh2 37. Ra8+ Kf7 38. Ng5+ Ke7 39. a4
Na3 40. Ra7+ Ke8 41. Nxh7 Nxc2 42. Nf6+ Kf8 43. e6 Nb4+ 44. Kc4 Nc6 45. Rf7#
1-0

[Event "4NCL Online Division 6"]
[Site "online"]
[Date "2020.08.25"]
[Round "1.151"]
[White "Bonner, Dennis M"]
[Black "White, David"]
[Result "0-1"]
[WhiteElo "1480"]
[BlackElo "1810"]
[PlyCount "106"]
[EventDate "2020.08.25"]
[WhiteTeam "Shropshire 5"]
[BlackTeam "Welwyn Hatfield"]

1. d4 Nf6 2. Bf4 d5 3. e3 c5 4. c3 cxd4 5. exd4 Nc6 6. Nd2 Bg4 7. Ngf3 e6 8. h3
Bh5 9. Be2 Be7 10. O-O O-O 11. a4 a5 12. Re1 h6 13. Bh2 Bd6 14. Ne5 Bxe2 15.
Qxe2 Nd7 16. f4 Ncxe5 17. fxe5 Be7 18. Rf1 Rc8 19. Qg4 Qe8 20. Bf4 Kh7 21. Qe2
Nb6 22. Qd1 Nc4 23. Nxc4 Rxc4 24. Qd3+ g6 25. b3 Rc8 26. c4 Qc6 27. c5 b6 28.
Rac1 bxc5 29. dxc5 Bxc5+ 30. Kh2 Qb7 31. Be3 Ba3 32. Rxc8 Rxc8 33. Qd2 g5 34.
Qd3+ Kg7 35. Qd2 Bb4 36. Qf2 Qe7 37. Bd4 Bc5 38. Bxc5 Rxc5 39. Qg3 d4 40. Rf6
Qc7 41. h4 Qxe5 42. Qxe5 Rxe5 43. hxg5 hxg5 44. Rf1 d3 45. Rd1 Rd5 46. Kg3 f5
47. Kf3 e5 48. Ke3 e4 49. g3 Kf6 50. Rd2 Ke5 51. Rd1 f4+ 52. gxf4+ gxf4+ 53.
Kd2 Kd4 0-1

[Event "4NCL Online Division 6"]
[Site "online"]
[Date "2020.08.25"]
[Round "1.152"]
[White "Roderick, Andrew"]
[Black "Jones, Andrew"]
[Result "1-0"]
[WhiteElo "1787"]
[BlackElo "1480"]
[PlyCount "99"]
[EventDate "2020.08.25"]
[WhiteTeam "Welwyn Hatfield"]
[BlackTeam "Shropshire 5"]

1. e4 c5 2. d4 cxd4 3. c3 Nf6 4. e5 Nd5 5. cxd4 e6 6. Nf3 Nc6 7. a3 a6 8. Bd3
d6 9. O-O dxe5 10. dxe5 Be7 11. Qc2 h6 12. Nc3 Bd7 13. Ne4 Rc8 14. Qe2 O-O 15.
Nd6 Bxd6 16. exd6 Qf6 17. Qe4 Qf5 18. Qe2 Qf6 19. Rd1 Rfe8 20. Qe4 Qf5 21. Qxf5
exf5 22. Bxf5 Bxf5 23. Rxd5 Bd7 24. Bf4 Re6 25. Ne5 Rce8 26. Nd3 b6 27. h3 Re4
28. Be3 Rb8 29. Rc1 Be6 30. Rh5 Rc4 31. Rxc4 Bxc4 32. Ne5 Nxe5 33. Rxe5 Be6 34.
Re4 Rd8 35. Rd4 Kf8 36. Rd3 Ke8 37. Bxb6 Rb8 38. Bd4 Kd7 39. Bxg7 h5 40. b4 Rb5
41. Bf6 a5 42. Bc3 axb4 43. Bxb4 Rg5 44. Kh2 Rf5 45. f3 Rb5 46. Rc3 Rb7 47. Kg3
Bd5 48. Rc7+ Rxc7 49. dxc7 Kxc7 50. Kh4 1-0

[Event "4NCL Online Division 6"]
[Site "online"]
[Date "2020.08.25"]
[Round "1.153"]
[White "Holyhead, James"]
[Black "Elder, Kidge"]
[Result "1-0"]
[WhiteElo "1435"]
[BlackElo "1615"]
[PlyCount "91"]
[EventDate "2020.08.25"]
[WhiteTeam "Shropshire 5"]
[BlackTeam "Welwyn Hatfield"]

1. d4 d5 2. e4 dxe4 3. Nc3 Bf5 4. f3 exf3 5. Nxf3 h6 6. Bd3 Bxd3 7. Qxd3 e6 8.
Be3 Nf6 9. O-O-O c6 10. Rhf1 Bd6 11. Rde1 Qc7 12. h3 Nbd7 13. g4 O-O-O 14. g5
hxg5 15. Nxg5 Nb6 16. d5 Bb4 17. Bxb6 axb6 18. Qc4 Bxc3 19. Qxc3 Rxd5 20. Ne4
Nxe4 21. Rxe4 Rg8 22. Ra4 Qb8 23. Rxf7 Rd7 24. Rxd7 Kxd7 25. Qd4+ Qd6 26. Qxb6
Ke7 27. Qxb7+ Kf6 28. Qb4 Qg3 29. Qf4+ Qxf4+ 30. Rxf4+ Kg5 31. Rc4 Rc8 32. a4
e5 33. b4 Kf5 34. b5 c5 35. b6 e4 36. Kd2 Kf4 37. a5 Kf3 38. Rc3+ Kf2 39. a6
Rd8+ 40. Kc1 Ra8 41. b7 Rxa6 42. b8=Q Ra1+ 43. Kb2 Re1 44. Qf4+ Kg2 45. Rg3+
Kh1 46. Qf2 1-0

[Event "4NCL Online Division 6"]
[Site "online"]
[Date "2020.08.25"]
[Round "1.154"]
[White "Sims, Tony J"]
[Black "Price, Malcolm"]
[Result "1-0"]
[WhiteElo "1600"]
[BlackElo "1397"]
[PlyCount "81"]
[EventDate "2020.08.25"]
[WhiteTeam "Welwyn Hatfield"]
[BlackTeam "Shropshire 5"]

1. d4 d5 2. c4 Nf6 3. Nc3 e6 4. Bf4 Bd7 5. a3 Nc6 6. e3 Ne4 7. Nb5 Bd6 8. Nxd6+
cxd6 9. cxd5 Qa5+ 10. Ke2 Qxd5 11. f3 Nf6 12. Kf2 Ne7 13. Rc1 h6 14. Bc4 Qf5
15. g4 Qa5 16. Bxd6 Bb5 17. b4 Qb6 18. Bxb5+ Qxb5 19. Rc5 Qd7 20. Bxe7 Qxe7 21.
Qa4+ Qd7 22. Qxd7+ Kxd7 23. Ne2 Rhc8 24. Rhc1 b6 25. Rxc8 Rxc8 26. Rxc8 Kxc8
27. Nc3 Kb7 28. e4 Kc6 29. a4 a6 30. Ke3 g5 31. h3 h5 32. e5 Nxg4+ 33. fxg4
hxg4 34. hxg4 b5 35. a5 Kd7 36. Ne4 Kc6 37. Kd3 Kd7 38. Nc5+ Ke7 39. Nxa6 f5
40. exf6+ Kxf6 41. Ke4 1-0

[Event "4NCL Online Division 6"]
[Site "online"]
[Date "2020.08.25"]
[Round "1.161"]
[White "Trudeau, Gary"]
[Black "Kumar, Sanjit S"]
[Result "0-1"]
[WhiteElo "1780"]
[BlackElo "1817"]
[PlyCount "68"]
[EventDate "2020.08.25"]
[WhiteTeam "Calstock Killers"]
[BlackTeam "KCJS"]

1. e4 e5 2. f4 exf4 3. Bc4 d5 4. Bxd5 Nf6 5. Nc3 Nxd5 6. Nxd5 Qh4+ 7. Kf1 Bc5
8. d4 Bb6 9. Nf3 Qd8 10. Bxf4 O-O 11. Kf2 c6 12. Nxb6 Qxb6 13. b3 Bg4 14. Qd3
f5 15. e5 c5 16. Qc4+ Kh8 17. Ng5 Qg6 18. d5 Nd7 19. e6 Nb6 20. Qd3 h6 21. Nf7+
Rxf7 22. exf7 Qxf7 23. c4 Nd7 24. Rhe1 Nf6 25. Kg1 Ne4 26. h3 Bh5 27. Rac1 Rd8
28. Be5 b5 29. Qe3 Qe7 30. Qxh6+ Kg8 31. Bxg7 Qxg7 32. Qxh5 Qd4+ 33. Kh2 Qe5+
34. Kh1 Ng3+ 0-1

[Event "4NCL Online Division 6"]
[Site "online"]
[Date "2020.08.25"]
[Round "1.162"]
[White "Hill-Wood, T Wilfred D"]
[Black "Kirkman, Nigel J"]
[Result "1-0"]
[WhiteElo "1630"]
[BlackElo "1772"]
[PlyCount "81"]
[EventDate "2020.08.25"]
[WhiteTeam "KCJS"]
[BlackTeam "Calstock Killers"]

1. e4 e6 2. d4 d5 3. exd5 exd5 4. c4 Nf6 5. Nc3 c6 6. Nf3 Bg4 7. cxd5 Nxd5 8.
Bc4 Qe7+ 9. Qe2 Qxe2+ 10. Bxe2 Bb4 11. Bd2 Nd7 12. O-O O-O 13. h3 Bh5 14. g4
Bg6 15. Nxd5 Bxd2 16. Ne7+ Kh8 17. Nxg6+ fxg6 18. Nxd2 Nf6 19. Rad1 Nd5 20. Bc4
Nf4 21. Kh2 b5 22. Bb3 Rad8 23. Ne4 h6 24. Nc5 Rfe8 25. Rfe1 Re2 26. Rxe2 Nxe2
27. d5 cxd5 28. Rxd5 Rf8 29. Ne4 a6 30. Rd2 Nf4 31. Ng3 h5 32. Ne2 Nd3 33. Rxd3
Rxf2+ 34. Kg3 Rxe2 35. g5 Rxb2 36. Rd6 a5 37. Rxg6 a4 38. Bd5 Rb4 39. Rd6 Kh7
40. Bf7 Rb2 41. Bg6+ 1-0

[Event "4NCL Online Division 6"]
[Site "online"]
[Date "2020.08.25"]
[Round "1.163"]
[White "Hill, Michael"]
[Black "Soulier, Alfred"]
[Result "0-1"]
[WhiteElo "1675"]
[BlackElo "1630"]
[PlyCount "136"]
[EventDate "2020.08.25"]
[WhiteTeam "Calstock Killers"]
[BlackTeam "KCJS"]

1. Nf3 Nf6 2. d4 g6 3. c4 Bg7 4. e3 O-O 5. Nbd2 d6 6. Be2 c5 7. d5 e6 8. e4 Re8
9. O-O exd5 10. exd5 Nbd7 11. Bd3 Ne5 12. Nxe5 Rxe5 13. Nf3 Re7 14. Qc2 Bg4 15.
Ne1 Qd7 16. f3 Bf5 17. Bxf5 Qxf5 18. Qxf5 gxf5 19. Rb1 Rae8 20. Bf4 Rd7 21. Nd3
Nh5 22. Rfe1 Kf8 23. Rxe8+ Kxe8 24. Re1+ Kd8 25. Bg5+ Bf6 26. Bxf6+ Nxf6 27.
Nf2 Re7 28. Rxe7 Kxe7 29. Nh3 h6 30. Nf4 Nd7 31. Nd3 Kf6 32. f4 a6 33. Kf2 b5
34. b3 Nb6 35. Nb2 Kg6 36. Kf3 Nd7 37. a3 Nf6 38. h3 Ne4 39. Ke3 b4 40. axb4
cxb4 41. Nd3 a5 42. g4 Nf6 43. Nf2 Nd7 44. Nd3 f6 45. Kd4 fxg4 46. hxg4 f5 47.
gxf5+ Kxf5 48. Ke3 h5 49. Kf3 h4 50. Ke3 h3 51. Kf3 h2 52. Kg2 Ke4 53. Nf2+
Kxf4 54. Nh3+ Kf5 55. Kxh2 Nc5 56. Nf2 Nxb3 57. Nd3 Ke4 58. Nb2 Kd4 59. Kg3 Kc3
60. Nd1+ Kxc4 61. Ne3+ Kd4 62. Kf4 a4 63. Nc2+ Kc3 64. Kf5 Kxc2 65. Ke6 a3 66.
Kxd6 a2 67. Kc6 a1=Q 68. d6 Qf6 0-1

[Event "4NCL Online Division 6"]
[Site "online"]
[Date "2020.08.25"]
[Round "1.164"]
[White "Patel, Sen"]
[Black "Jenkins, David R"]
[Result "1-0"]
[WhiteElo "1532"]
[BlackElo "1532"]
[PlyCount "163"]
[EventDate "2020.08.25"]
[WhiteTeam "KCJS"]
[BlackTeam "Calstock Killers"]

1. e4 e5 2. Nf3 f5 3. d3 d6 4. Nc3 f4 5. g3 g5 6. gxf4 gxf4 7. Bd2 Bg4 8. Be2
Bxf3 9. Bxf3 Nc6 10. Nd5 Nf6 11. Bh5+ Nxh5 12. Qxh5+ Kd7 13. Qf5+ Ke8 14. c3
Ne7 15. Qh5+ Ng6 16. O-O-O c6 17. Rhg1 cxd5 18. Rxg6 hxg6 19. Qxh8 Qe7 20. exd5
Kd7 21. Qh3+ Kc7 22. Re1 Bg7 23. Bxf4 Rh8 24. Qg3 Qh4 25. Qxh4 Rxh4 26. Bg3 Ra4
27. Kb1 Ra6 28. d4 Bh8 29. dxe5 dxe5 30. Bxe5+ Bxe5 31. Rxe5 Rf6 32. Re2 Kd6
33. c4 Kc5 34. b3 a5 35. Kb2 b5 36. Rc2 b4 37. a4 Rf3 38. Rd2 Kd6 39. Re2 g5
40. Ka2 Rh3 41. Re6+ Kc5 42. d6 Rxh2 43. d7 Rxf2+ 44. Kb1 Rd2 45. Re5+ Kc6 46.
Rxg5 Rxd7 47. Rxa5 Rd3 48. Kc2 Rh3 49. Rb5 Rh2+ 50. Kd1 Kd6 51. Rxb4 Kc5 52.
Rb5+ Kd4 53. Rd5+ Kc3 54. Rb5 Kd3 55. Rd5+ Kc3 56. c5 Kxb3 57. a5 Kc4 58. Rg5
Ra2 59. c6 Kd3 60. Rd5+ Kc4 61. Rh5 Kd3 62. Rh3+ Kd4 63. c7 Ra1+ 64. Kc2 Rxa5
65. c8=Q Rc5+ 66. Qxc5+ Kxc5 67. Rd3 Kc4 68. Kd2 Kc5 69. Kc3 Kc6 70. Rd4 Kc5
71. Kd3 Kc6 72. Kc4 Kb6 73. Rd5 Kc6 74. Kd4 Kb6 75. Rc5 Kb7 76. Kd5 Kb6 77. Kd6
Kb7 78. Rc6 Kb8 79. Rc7 Ka8 80. Kc6 Kb8 81. Kb6 Ka8 82. Rc8# 1-0